Output and employment in the construction industry (Record no. 72853)

MARC details
000 -LEADER
fixed length control field 00903cam a2200181 4500
001 - CONTROL NUMBER
control field WB3922-02
008 - FIXED-LENGTH DATA ELEMENTS--GENERAL INFORMATION
fixed length control field 030616n2003 000 0 eng u
035 ## - SYSTEM CONTROL NUMBER
System control number (Sirsi) u122601
245 ## - TITLE STATEMENT
Title Output and employment in the construction industry
260 ## - PUBLICATION, DISTRIBUTION, ETC.
Date of publication, distribution, etc. 2003
490 ## - SERIES STATEMENT
Series statement DTI Press Release
Volume/sequential designation (QEC-Q103) 6 June 2003 (2)
520 ## - SUMMARY, ETC.
Summary, etc. Construction output in the year to the first quarter of 2003 rose by 7% compared to the previous year. New work rose in the same period despite a decrease in the private industrial sector. The total volume of new work was 9% higher compared with the previous year but was 3% lower in the first quarter compared with the previous quarter. http://www.gnn.gov.uk/gnn/national.nsf/TI/357B3464AF263BE280256D3D0034E081?opendocument
590 ## - LOCAL NOTE (RLIN)
Local note TEST
650 ## - SUBJECT ADDED ENTRY--TOPICAL TERM
Topical term or geographic name entry element CONSTRUCTION OUTPUT
650 ## - SUBJECT ADDED ENTRY--TOPICAL TERM
Topical term or geographic name entry element CONSTRUCTION EMPLOYMENT
690 ## - LOCAL SUBJECT ADDED ENTRY--TOPICAL TERM (OCLC, RLIN)
Topical term or geographic name as entry element BUILT ENVIRONMENT
942 ## - ADDED ENTRY ELEMENTS (KOHA)
Suppress in OPAC 0
Holdings
Withdrawn status Lost status Source of classification or shelving scheme Damaged status Not for loan Home library Current library Shelving location Date acquired Total Checkouts Full call number Barcode Date last seen Copy number Price effective from Koha item type
    Dewey Decimal Classification     London London News article 16/06/2003   WB3922-02 122601-1001 06/08/2019 1 06/08/2019 News article